1050 1818 1645 1691 1015 1418 1327 1201 1252 1227 1381 1701 1057 1863 1563 1471 1201 1947 1462 1919 1205 1116 1300 1588 1769 1288 1159 1193 1777 1985 1415 1954 1744 1463 1536 1683 1718 1274 1115 1571 1677 1033 1848 1052 1283 1965 1491 1315 1817 1440 1160 1094 1921 1896 1230 1921 1325 1743 1181 1798 1832 1164 1680 1558 1258 1850 1119 1295 1313 1077 1657 1450 1953 1155 1988 1600 1715 1142 1243 1891 1698 1920 1685 1858 1405 1541 1933 1043 1183 1019 1151 1992 1383 1260 1834 1128 1892 1348 1261 BCNSPRNW ULIB Ver.6.0+V

เปลี่ยนเป็นภาษาไทย

Change to English
 แสดงรายละเอียดบรรณานุกรม
  กลับหน้าหลัก

Brief Record : Get Marc (ISO 2709) : E-mail record : QR code < ปิดหน้าต่าง
LEADER : 00000nam 2200000uu 4500
001    13399114510
003     ULIB
008    120411s2550||||th 000 0 tha d
020    ^a9749984625
090    ^aนว.^bจ686ห 2550
100 0  ^aเจ้าหญิงผู้เลอโฉม
245 00 ^aหนุ่มแว่นหน้าใสเกี่ยวหัวใจยัยตัวแสบ 1 /^cเจ้าหญิงผู้เลอโฉม
250    ^aพิมพ์ครั้งที่ 1
260    ^aกรุงเทพฯ :^bแจ่มใส,^c2550
300    ^a176 หน้า
710 1  ^aแจ่มใส
945    ^p139^l0^i14046
995    ^aกัณชพร
999    ^aใช้งานได้ทุกระบบ
รายการนี้ยังไม่มีแท็ก
คุณยังไม่ได้ล็อกอิน คุณสามารถมีกิจกรรมร่วมกับเว็บไซต์ได้ แต่ต้องล็อกอินก่อน ::
  ล็อกอิน

รายการสื่อสารสนเทศ

ลำดับที่ ประเภท เลขเรียก/บาร์โค้ด สถานที่ สถานะ
1. นวนิยาย
นวนิยาย
นว. จ686ห 2550  
  Barcode: 14046
ห้องสมุดวิทยาเขตสวรรค์ประชารักษ์
►นวนิยาย
บนชั้น
  ขอยืม

รายการใกล้เคียง
    ผู้แต่ง [เจ้าหญิงผู้เลอโฉม]

BibComment


ยังไม่เคยถูกคอมเมนท์

คอมเมนท์ทรัพยากรรายการนี้
  คอมเมนท์: หนุ่มแว่นหน้าใสเ..


 Copyright 2026. Bcnsprnw @Library